000 00413cam a2200169ua 4500
001 5813
008 131025n ii |||gr||||Z||||||eng
040 _cMAIN
082 _a954.025
245 _aMughal Empire
_cVinod Behari Lal
260 _aLucknow:
_bPrakashan Kendra,
_c1968.
300 _ax,318p.
653 _aHistory
653 _aMughal rule in India
700 _aBehari Lal,Vinod,
_eAuthor.,
942 _cBK
999 _c4968
_d4968